1421 1919 1332 1705 1790 1365 1946 1421 1758 1580 1736 1821 1039 1593 1125 1360 1828 1362 1992 1275 1872 1840 1107 1776 1003 1341 1179 1723 1890 1266 1292 1562 1905 1280 1991 1678 1195 1680 1779 1168 1811 1522 1672 1210 1560 1576 1102 1973 1062 1904 1808 1916 1099 1305 1050 1661 1983 1852 1427 1214 1538 1840 1930 1649 1065 1045 1134 1875 1557 1113 1653 1468 1958 1289 1382 1372 1294 1561 1025 1216 1763 1964 1223 1131 1018 1387 1018 1306 1175 1361 1098 1478 1946 1616 1249 1061 1094 1910 1863 BCNSPRNW ULIB Ver.6.0+V

เปลี่ยนเป็นภาษาไทย

Change to English
 แสดงรายละเอียดบรรณานุกรม
  กลับหน้าหลัก

Brief Record : Get Marc (ISO 2709) : E-mail record : QR code < ปิดหน้าต่าง
LEADER : 00000nam 2200000uu 4500
001    13399114974
003     ULIB
008    120626s2546||||th 000 0 tha d
020    ^a9789749169919 (ชุด 1)
020    ^a9789749167786 (ชุด 2)
090    ^aรส^bม686ร ล.1-2 2546
245 00 ^aเรื่องสั้นคัดสรร ชุด 1 /^cมูลนิธิสถาบันวิชาการ 14 ตุลา
250    ^aพิมพ์ครั้งที่ 1
260    ^aกรุงเทพฯ :^bมูลนิธิสถาบันวิชาการ 14 ตุลา,^c2546
300    ^a2 เล่ม ;^c21 ซม.
490 0  ^aหนังสือชุด ตุลาวรรณกรรม
500    ^aชุดทึ่ 1-2 = เล่ม 1-2
500    ^aฉลองครบรอบ 30 ปี 14 ตุลา : 2516-2546 ร่วมวาระประวัติศาสตร์ วัน 14 ตุลา ประชาธิปไตย
650  4 ^aเรื่องสั้นไทย
650  4 ^aเรื่องสั้นไทย^xรวมเรื่อง
710 2  ^aมูลนิธิสถาบันวิชาการ 14 ตุลา
945    ^p0^l0^i14347
945    ^p0^l0^i14361
995    ^aกัณชพร
999 ^a ใช้งานได้ทุกระบบ
รายการนี้ยังไม่มีแท็ก
คุณยังไม่ได้ล็อกอิน คุณสามารถมีกิจกรรมร่วมกับเว็บไซต์ได้ แต่ต้องล็อกอินก่อน ::
  ล็อกอิน

รายการสื่อสารสนเทศ

ลำดับที่ ประเภท เลขเรียก/บาร์โค้ด สถานที่ สถานะ
1. นวนิยาย
นวนิยาย
รส ม686ร ล.1-2 2546  
  Barcode: 14347
ห้องสมุดวิทยาเขตสวรรค์ประชารักษ์
►นวนิยาย
บนชั้น
  ขอยืม
2. นวนิยาย
นวนิยาย
รส ม686ร ล.1-2 2546 ฉ.2 
  Barcode: 14361
ห้องสมุดวิทยาเขตสวรรค์ประชารักษ์
►นวนิยาย
บนชั้น
  ขอยืม

รายการใกล้เคียง
    หัวเรื่อง [เรื่องสั้นไทย]

BibComment


ยังไม่เคยถูกคอมเมนท์

คอมเมนท์ทรัพยากรรายการนี้
  คอมเมนท์: เรื่องสั้นคัดสรร..


 Copyright 2026. Bcnsprnw @Library